Taller de lengua y literatura (I) (Record no. 186298)

MARC details
000 -LEADER
campo de control de longitud fija 01098nam a2200277 i 4500
001 - NÚMERO DE CONTROL
campo de control 186298
003 - IDENTIFICADOR DE NÚMERO DE CONTROL
campo de control SpMaBN
005 - FECHA Y HORA DE LA ÚLTIMA TRANSACCIÓN
campo de control 20231207130755.0
008 - DATOS DE LONGITUD FIJA--INFORMACIÓN GENERAL
campo de control de longitud fija 161005s2007 sp ad |||| | spa d
020 ## - NÚMERO INTERNACIONAL ESTÁNDAR DEL LIBRO
ISBN cancelado o inválido 978-84-7960-384-4
080 ## - NÚMERO DE LA CLASIFICACIÓN DECIMAL UNIVERSAL
Número de la Clasificación Decimal Universal 811.134.2(07)
080 ## - NÚMERO DE LA CLASIFICACIÓN DECIMAL UNIVERSAL
Número de la Clasificación Decimal Universal 821.134.2.09(07)
245 00 - MENCIÓN DEL TÍTULO
Título Taller de lengua y literatura (I)
Resto del título : Educación Secundaria Obligatoria : primer ciclo, primer curso /
Mención de responsabilidad, etc. Grupo Nadir, Margarita Calvo, Julieta García-Pomareda y Rosa Zambrano.
250 ## - MENCION DE EDICION
Mención de edición 3ª ed.
260 ## - PUBLICACIÓN, DISTRIBUCIÓN, ETC.
Lugar de publicación, distribución, etc. Madrid :
Nombre del editor, distribuidor, etc. Ediciones de la Torre,
Fecha de publicación, distribución, etc. 2007.
300 ## - DESCRIPCIÓN FÍSICA
Extensión 352 p. :
Otras características físicas il., gráf. ;
Dimensiones 25 cm.
490 1# - MENCIÓN DE SERIE
Mención de serie Proyecto didáctico Quirón ;
Designación de volumen o secuencia 113.
Mención de serie Comunicación y lenguaje
650 #4 - PUNTO DE ACCESO ADICIONAL DE MATERIA--TÉRMINO DE MATERIA
Término de materia o nombre geográfico como elemento de entrada Lengua española-
Subdivisión de forma Libros escolares.
9 (RLIN) 143619
650 #4 - PUNTO DE ACCESO ADICIONAL DE MATERIA--TÉRMINO DE MATERIA
Término de materia o nombre geográfico como elemento de entrada Literatura-
Subdivisión de forma Libros escolares.
9 (RLIN) 161049
700 1# - ENTRADA AGREGADA--NOMBRE PERSONAL
Nombre de persona Calvo, Margarita.
9 (RLIN) 161048
710 2# - ENTRADA AGREGADA--NOMBRE DE ENTIDAD CORPORATIVA
Nombre de entidad corporativa o nombre de jurisdicción como elemento de entrada Grupo Nadir.
9 (RLIN) 161050
830 0# - PUNTO DE ACCESO ADICIONAL DE SERIE-TÍTULO UNIFORME
Título uniforme Proyecto didáctico Quirón ;
Designación de volumen o secuencia 113.
Título uniforme Comunicación y lenguaje
9 (RLIN) 225394
852 ## - LOCALIZACIÓN
Ubicación ES-MaACL
Número de control de estantería A-13922
itemnumber 193353
Sublocalización o colección R.151234
Ubicación en estantería Depósito 1
Signatura antigua Olim: N-6922
942 ## - ELEMENTOS DE ENTRADA SECUNDARIOS (KOHA)
Fuente del sistema de clasificación o colocación Clasificación decimal universal
Tipo de ítem Koha Libro impreso
Holdings
Estatus retirado Estado de pérdida Fuente del sistema de clasificación o colocación Estado de daño No para préstamo Biblioteca de origen Biblioteca actual Ubicación en estantería Fecha de adquisición Fuente de adquisición Total de préstamos Signatura topográfica completa Código de barras Visto por última vez Precio de reemplazo Tipo de ítem Koha
    Clasificación decimal universal     Biblioteca del Ateneo de Madrid Biblioteca del Ateneo de Madrid Depósito 1 05/10/2016 Donación   A-13922 1196429 23/02/2023 23/02/2023 Libro impreso